000 01106nam a22003137a 4500
003 CHAP
005 20220329143736.0
008 110519s1989 mx r 00010 spa d
010 _a101240
011 _a102212
035 _a112900
040 _cCHAP
082 0 4 _a330.098
_bC33
110 2 _aCEPAL
_921292
245 1 0 _aNotas para el estudio económico de América Latina y El Caribe, 1988 Costa Rica
_c/por Comisión Económica para América Latina y El Caribe
260 _a[México] :
_bONU,
_c1989
300 _a55 p. :
_bcuadros
590 _aBATCH-UPD
_b10
_c20130110
_lUCH01
_h1918
590 _aBATCH-UPD
_b10
_c20130410
_lUCH01
_h1244
590 _aBATCH-UPD
_b10
_c20130914
_lUCH01
_h0846
590 _aCONVERSION
_b10
_c20130109
_lUCH01
_h1356
650 1 4 _aAmerica Latina
_xAspectos economicos.
_95385
650 1 4 _aAmerica Latina
_xCondiciones economicas.
_95390
650 1 4 _aCaribe
_xCondiciones económicas.
_918958
650 1 4 _aCosta Rica
_xCondiciones económicas.
_928482
901 _aBK
942 _cLIBRO
949 _a330.098 C33
_bBC
_cLIBRO
_d33724002101991
_eLIBRO
_h114975
_i112900
_sb
999 _c101240
_d101240